000 00266nam a22001217a 4500
082 _a001
_bDIX/R
100 _aDIXON,DOUGAL
245 _aROCKS & MINERALS
260 _aLONDON
_bGREENWICH EDITIONS
300 _a160
650 _aGENERAL KNOWLEDGE
_zLONDON
942 _cBK
999 _c2988
_d2988